00385nam a2200157Ia 45000010006000000050017000060080041000230410008000640820015000721000027000872450055001142600009001693000033001786500008002116540008002191379620260306164827.0260306t1995||||xx |||||||||||||| ||spa|| aESP a005.3bC78 aCorel CorporationeAUT 0aCorel Draw 6.0:blo mejor en gráficos en 32 bits c1995 axii, 204 páginas :c23 cm. aGEN aCCC